Catálogo
 En Linea

Descubre la ciencia / (Registro nro. 36238)

Detalles MARC
000 -CABECERA
campo de control de longitud fija 00616nam a2200181 a 4500
001 - NÚMERO DE CONTROL
campo de control 000036747
005 - FECHA Y HORA DE LA ÚLTIMA TRANSACCIÓN
campo de control 20200930075919.0
008 - DATOS DE LONGITUD FIJA--INFORMACIÓN GENERAL
campo de control de longitud fija 120127s1977 sp abc 000 0 spa d
020 ## - NÚMERO INTERNACIONAL ESTÁNDAR DEL LIBRO
Número Internacional Estándar del Libro 8474040671
040 ## - FUENTE DE LA CATALOGACIÓN
Centro catalogador/agencia de origen DO-SdBNP
Lengua de catalogación spa
Centro/agencia transcriptor BNHPU
082 ## - NÚMERO DE LA CLASIFICACIÓN DECIMAL DEWEY
Número de clasificación xxxx
Número de documento/Ítem D449
245 00 - MENCIÓN DE TÍTULO
Título Descubre la ciencia /
Mención de responsabilidad, etc. traductor Julio Lapuente.
260 ## - PUBLICACIÓN, DISTRIBUCIÓN, ETC.
Lugar de publicación, distribución, etc. Madrid, :
Nombre del editor, distribuidor, etc. Edival,
Fecha de publicación, distribución, etc. 1977.
300 ## - DESCRIPCIÓN FÍSICA
Extensión v. :
Otras características físicas il. retrs. map. ;
Dimensiones 26 cm.
534 ## - NOTA SOBRE LA VERSIÓN ORIGINAL
Encabezamiento principal del original Childrens picture encyclopedia
505 20 - NOTA DE CONTENIDO CON FORMATO
Información miscelánea v. 1
Título nuestro mundo
Información miscelánea v. 2
Título la ciencia
Información miscelánea v. 3
Título los animales
Información miscelánea v. 4
Título las cosas
590 ## - NOTA LOCAL (RLIN)
Nota local Pertenece a la coleccción Juan Isidro Jiménes Grullón
Existencias
Estado de retiro Estado de pérdida Restricciones de uso No para préstamo Código de colección Localización permanente Ubicación/localización actual Ubicación en estantería Fecha de adquisición Número de inventario Total de préstamos Signatura topográfica completa Código de barras Fecha visto por última vez Precio válido a partir de Tipo de ítem Koha Nota pública
      Excluido de préstamo Monografías: Libros y Folletos General General En catalogación 27.01.2012 LF1   v. 1 36747-10 25.06.2020 25.06.2020 No se presta Perteneció a la biblioteca personal de Juan Isidro Jimenes Grullón.
      Excluido de préstamo Monografías: Libros y Folletos General General En catalogación 27.01.2012 LF1   v. 2 36747-20 25.06.2020 25.06.2020 No se presta Perteneció a la biblioteca personal de Juan Isidro Jimenes Grullón.
      Excluido de préstamo Monografías: Libros y Folletos General General En catalogación 27.01.2012 LF1   v. 3 36747-30 25.06.2020 25.06.2020 No se presta Perteneció a la biblioteca personal de Juan Isidro Jimenes Grullón.
      Excluido de préstamo Monografías: Libros y Folletos General General En catalogación 27.01.2012 LF1   v. 4 36747-40 25.06.2020 25.06.2020 No se presta Perteneció a la biblioteca personal de Juan Isidro Jimenes Grullón.

Con tecnología Koha